00957 2200313 4500001002100000005001500021035002000036007000300056008004100059020002200100040002200122082001600144084001800160090002200178090002200200100003200222245008900254250003600343300004500379650002400424850001200448504003300460264003200493336002100525337003000546338002300576999002200599990002200621INLIS00000000085616320200710095634 a0010-0720000376ta200710s2019 yoi g ind d a978-623-209-207-5 aYOPDYOGbinderda04223a616.123 a616.123 JEI p aDEP 616.123 JEI p aCB-D.11 2019-29260 aJeini Ester Nelwanepenulis00aPenyakit jantung koroner :btinjauan dari kesehatan masyarakat /cJeini Ester Nelwan aCetakan Pertama, Februari 2019 a191 halaman :bilustrasi, tabel ;c20 cm 4aJantung--xpenyakit aYOPDYOG aBibliografi: halaman 158-17831aSleman :bDeepublish,c2019 2rdacontentateks 2rdamediaatanpa perantara 2rdacarrieravolume aCB-D.11/2019-2926 aCB-D.11/2019-2926